| 000 | 00684nam a22002417a 4500 | ||
|---|---|---|---|
| 008 | 130512b xxu||||| |||| 00| 0 eng d | ||
| 020 | _a | ||
| 024 | _cavailable | ||
| 037 | _cavailable | ||
| 040 |
_aMBSTU LIbrary _dMBSTU Library |
||
| 082 |
_222 _a547 VOE |
||
| 100 | _aVogel, Arthur I | ||
| 245 | _aElementry Practical Organic Chemistry Part-3 | ||
| 250 | _a2nd edition | ||
| 260 |
_aNew Delhi _bCBS Publishers and Distributers _c1987 |
||
| 300 |
_a21.4 cm _bxiii,840 page _f1 _g21.4 cm |
||
| 600 | _aOrganic Chemistry | ||
| 700 | _aVogel, Arthur I | ||
| 270 |
_aNew Delhi _bNew Delhi _dIndia |
||
| 365 |
_b1050.00 _d1050.00 |
||
| 942 |
_2ddc _cBK |
||
| 999 |
_c344 _d344 |
||